000 00479nam a2200169Ia 4500
005 20240405014748.0
008 240331s9999 xx 000 0 und d
020 _a9027930805
082 _bBAN
_a330.95
100 _aBandarage, Asoka
245 0 _aColonialism in Sri Lanka :
_bthe political economy of the Kandyan Highlands 1833-1886
260 _aColombo :
_bLake House investments LTD /
_c1950
300 _a404 p .,s
650 _aEconomic
650 _aHistory
942 _cL
999 _c2583
_d2583